书目信息 |
| 题名: |
"我热爱中国"
|
|
| 作者: | 斯诺 著 ;董乐山 译 | |
| 分册: | ||
| 出版信息: | 北京 生活·读书·新知三联书店 1978 |
|
| 页数: | 197页 | |
| 开本: | 20cm | |
| 丛书名: | ||
| 单 册: | ||
| 中图分类: | I712.5 | |
| 科图分类: | ||
| 主题词: | 文学 | |
| 电子资源: | ||
| ISBN: | ||
| 000 | 00713nam0 2200217 450 | |
| 001 | 0640990107 | |
| 005 | 20060914083507.62 | |
| 010 | @dCNY0.47 | |
| 100 | @a20060705d1978 km y0chiy0120 ea | |
| 101 | 0 | @achi |
| 102 | @aCN@b110000 | |
| 200 | 1 | @a"我热爱中国"@A"wo re ai zhong guo"@e在斯诺生命的最后日子里@f洛伊斯·惠勒·斯诺著@Fluo yi si·hui le·si nuo zhu@g董乐山译@Gdong yue shan yi |
| 210 | @a北京@c生活·读书·新知三联书店@d1978 | |
| 215 | 1 | @a197页@d20cm |
| 517 | 1 | @a在斯诺生命的最后日子里@Azai si nuo sheng ming de zui hou ri zi li |
| 606 | 0 | @a文学 |
| 690 | @aI712.5@v4 | |
| 701 | 0 | @a斯诺@Asi nuo@4著 |
| 702 | 0 | @a董乐山@Adong yue shan@4译 |
| 801 | 0 | @aCN@bPFT@c20060914 |
| 905 | @a10447@dI712.5@e433 | |
| "我热爱中国":在斯诺生命的最后日子里/洛伊斯·惠勒·斯诺著/董乐山译.-北京:生活·读书·新知三联书店,1978 |
| 197页;20cm |
| ISBN :CNY0.47 |
| ● |
| 相关链接 |
|
|
|
|
正题名:"我热爱中国"
索取号:I712.5/433
 
预约/预借
| 序号 | 登录号 | 条形码 | 馆藏地/架位号 | 状态 | 备注 |
| 1 | 0004136 | 001471277 | 密集书库/ [索取号:I712.5/433] | 在馆 | |
| 2 | 0473600 | 204736009 | 密集书库/ [索取号:I712.5/433] | 在馆 | |
| 3 | 0474869 | 204748693 | 密集书库/ [索取号:I712.5/433] | 在馆 | |
| 4 | 0475379 | 204753793 | 密集书库/ [索取号:I712.5/433] | 在馆 |